[Event "SVK-ch Region"]
[Site "Sklene Teplice"]
[Date "2005.??.??"]
[Round "?"]
[White "Karnek, Jan"]
[Black "Benko, Jozef"]
[Result "1-0"]
[WhiteElo "1832"]
[BlackElo "1557"]
[PlyCount "129"]
[EventDate "2005.??.??"]
[EventType "swiss"]
[EventRounds "9"]
[EventCountry "SVK"]
[SourceTitle "EXT 2007"]
[Source "ChessBase"]
[SourceDate "2006.11.23"]
[SourceVersion "1"]
[SourceVersionDate "2006.11.23"]
[SourceQuality "1"]

1. c4 e6 2. g3 Nf6 3. Bg2 d5 4. cxd5 exd5 5. Nf3 c6 6. d4 Be7 7. 0-0 0-0 8. Nc3 Bg4 9. Ne5 Bf5 10. a3 Nbd7 11. Nxd7 Qxd7 12. b4 Bh3 13. Bg5 Rfe8 14. e3 h6 15. Bxf6 Bxf6 16. Rc1 a6 17. Ne2 Bxg2 18. Kxg2 Be7 19. Nf4 a5 20. Rb1 axb4 21. axb4 Ra2 22. Qb3 Rea8 23. b5 R8a3 24. bxc6 bxc6 25. Qb8+ Kh7 26. Rb7 Qd6 27. Qxd6 Bxd6 28. Kf3 Ra7 29. Rfb1 Bxf4 30. gxf4 Rxb7 31. Rxb7 Kg6 32. h4 h5 33. Rb3 Rc2 34. Rb1 Rc3 35. Rg1+ Kf6 36. Rg5 g6 37. f5 Rc1 38. fxg6 fxg6 39. Rg2 c5 40. dxc5 Rxc5 41. Ke2 Rc4 42. f4 Rc2+ 43. Kf3 Rxg2 44. Kxg2 Ke6 45. Kf2 Kf6 46. Ke2 Ke6 47. Kd3 Kf5 48. Kd4 Kg4 49. Kxd5 Kxh4 50. e4 Kg4 51. e5 h4 52. e6 h3 53. e7 h2 54. e8Q h1Q+ 55. Qe4 Qh5+ 56. Ke6 Kg3 57. Qe5 Qg4+ 58. f5+ Kh4 59. Qh2+ Kg5 60. Qd2+ Kh4 61. Qh6+ Qh5 62. Qxh5+ Kxh5 63. f6 g5 64. f7 g4 65. f8Q 1-0

[Event "SVK-ch Region"]
[Site "Sklene Teplice"]
[Date "2005.??.??"]
[Round "?"]
[White "Karnek, Jan"]
[Black "Marvanyi, Milan"]
[Result "1-0"]
[WhiteElo "1832"]
[BlackElo "1851"]
[PlyCount "101"]
[EventDate "2005.??.??"]
[EventType "swiss"]
[EventRounds "9"]
[EventCountry "SVK"]
[SourceTitle "EXT 2007"]
[Source "ChessBase"]
[SourceDate "2006.11.23"]
[SourceVersion "1"]
[SourceVersionDate "2006.11.23"]
[SourceQuality "1"]

1. e4 e6 2. d4 d5 3. exd5 exd5 4. Nf3 Nf6 5. Be2 Be7 6. 0-0 0-0 7. Re1 Be6 8. h3 h6 9. Nbd2 c6 10. c3 Re8 11. Nf1 Bd6 12. Bd3 Nbd7 13. Ng3 Bxg3 14. fxg3 Qc7 15. Bf4 Qb6 16. Qd2 Ne4 17. Bxe4 dxe4 18. Rxe4 Bd5 19. Rxe8+ Rxe8 20. b3 c5 21. Re1 Rxe1+ 22. Nxe1 cxd4 23. Qxd4 Qe6 24. Be3 a6 25. c4 Bc6 26. Nd3 Qf5 27. g4 Qg6 28. a3 h5 29. g5 h4 30. Ne1 Qb1 31. Qc3 Qa2 32. Bf2 Qxa3 33. Bxh4 Qc5+ 34. Kh2 Ne5 35. Bg3 Ng6 36. h4 Qf5 37. Qd4 Be4 38. Qf2 Qg4 39. b4 Ne7 40. Nc2 Nf5 41. Ne3 Qxg3+ 42. Qxg3 Nxg3 43. Kxg3 b6 44. Kf4 Bd3 45. Ke5 a5 46. Kd4 Bb1 47. bxa5 bxa5 48. c5 f5 49. gxf6 gxf6 50. c6 Ba2 51. Nc4 1-0